Capitales des pays participants à la coupe du monde de foot 1978 - Statistiques

Statistiques générales
  • Ce quiz a été pris 27 fois
  • Le résultat moyen est 13 sur 16
Statistiques - réponses
Capitales % Correct
Brasilia
100%
Paris
100%
Berlin (Bonn)
96%
Buenos Aires
96%
Madrid
96%
Rome
96%
Mexico
92%
Amsterdam
81%
Lima
77%
Stockholm
77%
Budapest
73%
Tunis
62%
Varsovie
58%
Vienne
58%
Edimbourg
54%
Téhéran
50%
Aucun quiz correspondant
Distribution des résultats
% des personnes avec chaque résultat
Percentile par nombre de réponses
Votre historique - résultats
Vous n’avez pas pris ce quiz